00553nam a22001697a 450000500170000001000130001702000260003003500110005603700130006708200080008010000330008824500720012124600490019326000520024227000670029430000220036120210916145536.0 aUR-11239 c150.00a9789390789511 aU-9794 bDBAD/PUB a841 aپر و فيسر طر ز ی  aپيا ر ی پيا ر ی نظميں cپر و فيسر طر ز ی  aPiyari Piyari Nazmein (Urdu)bby Prof.Tarzi  aN.Delhic2020 ءbEducational Publishing House  a3191, Vakil Street, Kucha Pandit Lal Kuan,b Delhie110006l - a48 ص c22 Cm(Hb)